Czasowniki frazowe po angielsku - Statystyki

Ogólne statystyki
  • Ten quiz został rozwiązany 105 razy
  • Średni wynik to 4 z 63
Statystyki odpowiedzi
Odpowiedź po polsku Odpowiedź po angielsku % Poprawnych
zerwać ze sobą, rozstać się break up
55%
zepsuć się break down
38%
opiekować się look after
33%
dorastać grow up
31%
budzić się wake up
31%
ćwiczyć work out
21%
wychowywać bring up
17%
zameldować się check in
17%
napełniać, zapełniać fill up
12%
wysiadać get off
12%
pogłośnić, podkręcić turn up
12%
znaleźć, wymyślić come up with
10%
kontynuować keep up
10%
przewijać w górę scroll up
10%
zostać w domu stay in
10%
wyłączać switch off
10%
włączać switch on
10%
pokłócić się fall out
7%
wsiadać get on
7%
spieszyć się hurry up
7%
wyrzucać throw away
7%
okazać się, stać się turn out
7%
przeprowadzać carry out
5%
spędzać czas hang out
5%
opłacać się pay off
5%
podłączyć do prądu plug in
5%
zapisywać się sign up
5%
uruchamiać start up
5%
wymrzeć, wyginąć die out
2%
włączyć się go off
2%
zwalniać pracowników lay off
2%
pogodzić się z kimś make up with somebody
2%
robić makijaż put on make-up
2%
rozstawać się z split up with
2%
być podobnym do take after
2%
przyjmować, przenocować take in
2%
startować take off
2%
ładować (urządzenie) charge something up
0%
wypróbować coś check something out
0%
sprawiać wrażenie, uchodzić za come across as
0%
ograniczać cut down on
0%
wycinać coś cut something out
0%
rzucić, wycofać się drop out
0%
zakochać się w fall for
0%
przewrócić się, potknąć fall over
0%
dowiedzieć się czegoś find something out
0%
dogadywać się z kimś get on with somebody
0%
wybrać coś, zdecydować się na coś go for something
0%
nadążać za czymś keep up with something
0%
napisać na klawiaturze key in
0%
zwracać się do kogoś po coś look to somebody for something
0%
podziwiać kogoś look up to somebody
0%
przekazywać, przerzucać pass on
0%
podłapać, nauczyć się pick up
0%
kupić okazyjnie pick up a bargain
0%
gasić pożar put out a fire
0%
zniechęcać, odstręczać kogoś put somebody off
0%
zabraknąć, skończyć się run out of
0%
odprowadzać, pożegnać see off
0%
wyruszyć, rozpoczynać podróż set out/ set off
0%
zakładać konto set up an account
0%
ubiegać się o stand for
0%
brać pożyczkę take out a loan
0%
Nie znaleziono quizów pasujących do podanych kryteriów
Rozkład punktacji
Procent ludzi z każdym wynikiem
Percentyl według liczby udzielonych odpowiedzi
Twoja historia wyników
Nie rozwiązałeś tego quizu